000 00404nam a2200157Ia 4500
003 GCL
008 140319s9999 xx 000 0 eng d
040 _aGCL /
_cGCL
082 0 4 _a668.9
_bG P
100 1 _aGRISKEY, RICHARD G.
245 1 0 _aPOLYMER PROCESS ENGINERING /
_cGRISKEY, RICHARD G.
260 _a[S.N] :
_bCHAPMAN & HALL ،
_c1995
300 _a478 P
650 0 4 _aPOLYMERS
942 _2ddc
_cBK
999 _c23826
_d23826